Rainbow Six True or False - Statistics

General Stats
  • This quiz has been taken 407 times
  • The average score is 9 of 14
Answer Stats
Question Answer % Correct
The map yacht is in the current ranked pool False
90%
Jäger is the only operator that counters throwables False
89%
Smoke has deployable shield as a secondary gadget False
82%
Sledge's real name is Seamus True
72%
There was originally supposed to be a distillery map True
72%
The map Hereford Base is in the current map pool False
71%
Thunderbirds assault rifle has an ACOG False
68%
Ash is part of the pathfinder operators True
67%
Bank was in the game on release day True
59%
Zero is the head of rainbow False
52%
Deimos is the first non-Rainbow operator added to the game False
49%
The r6 Invitational (IRL esports event) is an event in the lore too False
36%
Zero and Fenrir both share the same gun loadout True
36%
House was the first map to receive a re-work False
25%
No matching quizzes found
Score Distribution
Percent of People with Each Score
Percentile by Number Answered
Your Score History
You have not taken this quiz